Strukturwandel im Lebensmittelverbrauch.
Zmeny v štruktúre spotreby potravín v SRN v 80. rokoch. Zvýšená spotreba hotových jedál a polotovarov, väčší dôraz kladený na otázky zdravia. Rozšírenie trhu potravín pochádzajúcich z alternatívneho poľnohospodárstva.
Na minha lista:
| Autor principal: | |
|---|---|
| Formato: | Capítulo de Livro |
| Idioma: | alemão |
| Assuntos: | |
| Tags: |
Sem tags, seja o primeiro a adicionar uma tag!
|
MARC
| LEADER | 00000naa a2200000 4500 | ||
|---|---|---|---|
| 001 | r004610 | ||
| 005 | 20221208122250.4 | ||
| 041 | 0 | |a ger | |
| 044 | |a DE | ||
| 245 | 1 | 0 | |a Strukturwandel im Lebensmittelverbrauch. |c E. Vöhlken |
| 520 | |a Zmeny v štruktúre spotreby potravín v SRN v 80. rokoch. Zvýšená spotreba hotových jedál a polotovarov, väčší dôraz kladený na otázky zdravia. Rozšírenie trhu potravín pochádzajúcich z alternatívneho poľnohospodárstva. | ||
| 610 | 2 | 0 | |a spotreba potravín |
| 610 | 2 | 0 | |a Nemecko |
| 610 | 2 | 0 | |a 1980-1989 |
| 610 | 2 | 0 | |a poľnohospodárstvo alternatívne |
| 100 | 1 | |a Vöhlken, E. | |